00426nam a2200193Ia 4500003000900000008004100009040001300050040001300063041000800076100001500084100000800099245006200107250001000169260001200179260000900191300001200200490001300212490000700225IT-RoPAU120407s9999 xx 000 0 und d aIT-RoPAU cIT-RoPAU afra aBenedictus csan a"La règle de saint Benoìt Comment. hist./crit. index" aParis aDu Cerf c1972 c19,5 cm aS.C.,186 v66